Desarrollo y estancamiento en América Latina(enfoque estructuralista) (Registro nro. 16035)

Detalles MARC
000 -LEADER
fixed length control field 00361 a2200109 4500
001 - CONTROL NUMBER
control field ART_2888
005 - DATE AND TIME OF LATEST TRANSACTION
control field 20260410161710.0
008 - FIXED-LENGTH DATA ELEMENTS--GENERAL INFORMATION
fixed length control field 260409a
100 1# - MAIN ENTRY--PERSONAL NAME
Personal name Furtado, Celso
245 10 - TITLE STATEMENT
Title Desarrollo y estancamiento en América Latina(enfoque estructuralista)
773 0# - HOST ITEM ENTRY
Title Desarrollo económico
Related parts - Vol. 6, Nº 22/23 (jul./dic. 1966)
Record control number REV1174

No hay ítems disponibles.